Bundestagsabgeordnete von Bündnis 90/Die Grünen (19. LP) - Statistiken

Allgemein
  • Dieses Quiz wurde 69 mal gespielt
  • Das Durchschnittsergebnis liegt bei 13 aus 67
Antwortstatistiken
Abgeordnete % Korrekt
Claudia Roth
86%
Cem Özdemir
80%
Annalena Baerbock
79%
Anton Hofreiter
79%
Katrin Göring-Eckardt
70%
Jürgen Trittin
66%
Renate Künast
57%
Britta Haßelmann
39%
Konstantin von Notz
39%
Claudia Müller
34%
Steffi Lemke
34%
Omid Nouripour
29%
Canan Bayram
27%
Lisa Paus
25%
Oliver Krischer
23%
Frithjof Schmidt
21%
Stefan Schmidt
21%
Sven Lehmann
21%
Luise Amtsberg
20%
Franziska Brantner
16%
Maria Klein-Schmeink
16%
Sven-Christian Kindler
16%
Ulle Schauws
16%
Agnieszka Brugger
14%
Christian Kühn
14%
Katja Keul
14%
Manuel Sarrazin
14%
Stefan Gelbhaar
14%
Stephan Kühn
14%
Wolfgang Strengmann-Kuhn
14%
Beate Müller-Gemmeke
13%
Filiz Polat
13%
Katharina Dröge
13%
Manuela Rottmann
13%
Tobias Lindner
13%
Dieter Janecek
11%
Lisa Badum
11%
Tabea Rößner
11%
Ekin Deligöz
9%
Erhard Grundl
9%
Julia Verlinden
9%
Kai Gehring
9%
Kirsten Kappert-Gonther
9%
Kordula Schulz-Asche
9%
Matthias Gastel
9%
Ottmar von Holtz
9%
Sylvia Kotting-Uhl
9%
Anna Christmann
7%
Beate Walter-Rosenheimer
7%
Charlotte Schneidewind-Hartnagel
7%
Daniela Wagner
7%
Danyal Bayaz
7%
Ingrid Nestle
7%
Irene Mihalic
7%
Katja Dörner
7%
Uwe Kekeritz
7%
Anja Hajduk
5%
Bettina Hoffmann
5%
Corinna Rüffer
5%
Gerhard Zickenheiner
5%
Harald Ebner
5%
Markus Kurth
5%
Margarete Bause
4%
Monika Lazar
4%
Friedrich Ostendorff
2%
Margit Stumpp
2%
Markus Tressel
2%
Keine übereinstimmenden Quizze gefunden
Verteilung der Resultate
Anzahl Personen mit jedem Resultat
Perzentil nach korrekt beantworteten Fragen
Ihre Resultats-Entwicklung
Sie haben dieses Quiz noch nicht gespielt